Statistics for Pokémon Moves Starting with the Letter T

Click here to take the quiz!

General Stats

  • This quiz has been taken 58 times
    (11 since last reset)
  • The average score is 28 of 53

Answer Stats

TypePhys/Spec/StatusSpecial EffectAnswer% Correct
NormalPhysicalN/ATackle
100%
FlyingStatusDouble all allies Speed for 4 turnsTailwind
80%
DarkStatusTarget can only use attacking moves for 3 turnsTaunt
80%
NormalStatusCauses all Pokémon to eat their held berry. Signature of PolteageistTeatime
80%
PsychicStatusEnables fleeing from wild Pokemon battle, transports to Pokemon centerTeleport
80%
NormalSpecialBecomes user's type if TerastallizedTera Blast
80%
DarkPhysicalTarget cannot use sound based moves for 2 turnsThroat Chop
80%
ElectricSpecialMay paralyze foe, cannot miss in rainThunder
80%
ElectricSpecialMay paralyze foeThunderbolt
80%
ElectricSpecialMay paralyze foeThunder Shock
80%
ElectricStatusParalyze foeThunder Wave
80%
PoisonStatusTarget suffers increasingly large damage from poison each turnToxic
80%
PoisonStatusEntry hazard that poisons all Pokemon who switch inToxic Spikes
80%
NormalSpecialMay burn, freeze, or paralyze foeTri Attack
80%
PsychicStatusUser swaps held items with targetTrick
80%
PsychicStatusSlower pokemon move first for 5 turnsTrick Room
80%
BugPhysicalHits 2 times. May poison targetTwineedle
80%
NormalPhysicalHits 2-5 timesTail Slap
60%
NormalStatusLower foe Def.Tail Whip
60%
VariesStatusAttack type changes based on Drive user is holdingTechno Blast
60%
PsychicStatusLevitates target and makes them easier to hit for 3 turnsTelekinesis
60%
DarkPhysicalUser steals held item from targetThief
60%
GroundPhysicalCan strike levitating or flying foe. Signature of ZygardeThousand Arrows
60%
NormalPhysicalUser is locked into move for 2-3 turns, and confused afterThrash
60%
NormalStatusUser becomes copy of target, including stats and movesetTransform
60%
GhostStatusTarget becomes Ghost typeTrick or Treat
60%
IcePhysicalHits 3 times, adds 20 power each hitTriple Axel
60%
FightingPhysicalHits 3 timesTriple Kick
60%
DragonSpecialMay make foe flinchTwister
60%
BugSpecialRaises users Spec. Atk. 3 stagesTail Glow
40%
NormalPhysicalUser suffers recoil damageTake Down
40%
RockStatusLowers foe Speed 1 stage and makes them weaker to Fire.
Signature of Coalossal
Tar Shot
40%
NormalStatusConfuses foeTeeter Dance
40%
GroundPhysicalPrevents target from switching out. Signature of ZygardeThousand Waves
40%
ElectricSpecialFoe takes 1/8 damage for 4 to 5 turns after use. Signature of
Regieleki
Thunder Cage
40%
FightingPhysicalLowers foe Defense stat. Signature of Galarian Zapdos.Thunderous Kick
40%
ElectricPhysicalMay paralyze foeThunder Punch
40%
NormalStatusReduces foe Atk. and Def.Tickle
40%
DarkStatusInvert all stat changes on target (plus to minus vice versa)Topsy Turvy
40%
FireSpecialRaises user Sp. Atk by 1 stage. Signature of SkeledirgeTorch Song
40%
DarkStatusTarget cannot use same move twice in a rowTorment
40%
PoisonStatusLowers foe Speed and poisons themToxic Thread
40%
GrassPhysicalLowers foe Attack by 1 stage. Signature of TsareenaTrop Kick
40%
NormalSpecialMore powerful the less PP move has leftTrump Card
40%
PsychicStatusCures user of Status and raises Sp. Atk. and Sp. Def. Signature of ManaphyTake Heart
20%
ElectricPhysicalMay flinch or paralyze foeThunder Fang
20%
GrassPhysicalRaises user SpeedTrailblaze
20%
FightingPhysicalIncreased Critical Hit Ratio. 50% Chance to lower foe Def. and 30% Chance to flinch. Signature of Hisuian DecidueyeTriple Arrows
20%
WaterPhysicalHits 3 times. Signature of WugtrioTriple Dive
20%
PsychicSpecialHits twice. Signature move of Girafarig lineTwin Beam
20%
NormalStatusLowers foe Atk. and Spec. Atk.Tearful Look
0%
NormalSpecialChanges type and doubles in power if Terrain is active. Signature of Smoliv lineTerrain Blast
0%
NormalStatusRaises user Speed and Attack 1 stage, clears entry hazardsTidy Up
0%

Score Distribution

Percentile by Number Answered

Percent of People with Each Score

Your Score History

You have not taken this quiz since the last reset